000 00552nam a2200229Ia 4500
003 OSt
005 20220924150139.0
006 a|||||r|||| 00| 0
007 ta
008 220923b |||||||| |||| 00| 0 tel d
024 _a331928
037 _cTextual
040 _aARTS
_cARTS
_btel
041 _2tel
_atel
082 _aO152,1x, 35N6
100 _aKrishna
_9154734
245 0 _aVallakadu
260 _c1996
650 _aHINDI POETRY
_97134
942 _hO152,1x, 35N6
_cTEXL
_2CC
999 _c462316
_d462316